| 000 | 00839cam a2200241 4500 | ||
|---|---|---|---|
| 001 | WB3703-16 | ||
| 008 | 000000n2001 000 0 eng u | ||
| 035 | _a(Sirsi) u110427 | ||
| 245 | _aModern leases outperformed | ||
| 260 | _c2001 | ||
| 490 |
_aEstates Gazette _v(0102) 13 January 2001, 49(1) |
||
| 520 | _aJoint research by IPD and Drivers Jonas finds that modern leases have underperformed longer traditional leases in central London. Over a 10-year period from 1989-99 traditional leases outperformed modern leases by about 4% pa. Graph. | ||
| 590 | _aWB | ||
| 650 | _aTRADITIONAL LEASES | ||
| 650 | _aIPD | ||
| 650 | _aDRIVERS JONAS | ||
| 650 | _aMODERN LEASES | ||
| 650 | _aPERFORMANCE ANALYSIS | ||
| 650 | _aLONDON | ||
| 650 | _aPROPERTY-COMMERCIAL PROPERTY | ||
| 690 | _aLANDLORD AND TENANT-LEASES | ||
| 942 | _n0 | ||
| 999 |
_c65832 _d65832 |
||